| 000 | 00585nam a2200241 a 4500 | ||
|---|---|---|---|
| 003 | AR-BaBNM | ||
| 005 | 20251128203542.0 | ||
| 008 | 082120s2002 ||||||||||||||000 | spa|| | ||
| 040 | _cAR-BaBNM | ||
| 100 | 1 | _aArlt, Roberto | |
| 245 | 0 | 0 |
_aLos siete locos _bnovela |
| 260 |
_aBuenos Aires _bFuturo _c1950 |
||
| 300 | _a252 p. | ||
| 650 | 4 | _aLITERATURA ARGENTINA | |
| 650 | 4 | _aESCRITORES | |
| 650 | 4 | _aLITERATURA CONTEMPORANEA | |
| 650 | 4 | _aNOVELAS | |
| 653 | _aLITERATURA FANTASTICA | ||
| 653 | _aGENERO POLICIAL | ||
| 655 | _aLITERATURA | ||
| 942 | _cBK | ||
| 998 | _cMARTIN | ||
| 999 |
_c3909 _d3909 |
||